Normal view
MARC view
Entry Personal Name
001 - CONTROL NUMBER
- control field: 67587
003 - CONTROL NUMBER IDENTIFIER
- control field: BI-BuBU
005 - DATE AND TIME OF LATEST TRANSACTION
- control field: 20130305163650.0
008 - FIXED-LENGTH DATA ELEMENTS
- fixed length control field: 130305|||a|||||| | ||| d
040 ## - CATALOGING SOURCE
- Original cataloging agency: BI-BuBU
- Transcribing agency: BI-BuBU
100 ## - HEADING--PERSONAL NAME
- Personal name: Nimagaritse Angéline
670 ## - SOURCE DATA FOUND
- Source citation: Work cat.: (BI-BuBU): aut Kabaragasa,Augustin 67585, Etude comparative de la qualité de l'huile de palme produite par différents procédés d'extraction, 2008
670 ## - SOURCE DATA FOUND
- Source citation: Work cat.: (BI-BuBU): aut Kabaragasa,Augustin 67585, Etude comparative de la qualité de l'huile de palme produite par différents procédés d'extraction, 2008